01149nam a2200193Ia 4500001001100000003001000011008004100021040002500062041001300087100001500100245007000115250001100185260008600196300001200282500026200294501011400556520026200670650002300932L959-44714IT-CnALBA170116s9999||||xx |||||||||||||| ||und|| aIT-CnALBAcIT-CnALBA aITALIANO aARRI BRUNO 0aHANDICAP: OLTRE L'IMMAGINE. IIA SCUOLA MEDIA "MONTALE" DI NEIVE.  a1a ed. a ALBA - ASTI - TObLA TIPOGRAFICA c1984 [1° Ed.:1984 - Ed.Ling.Originale: 1984] a134 p.  aRICERCA SCOLASTICA. PROBLEMA DEL DOLORE. HANDICAPPATI, EMARGINATI DELLA STORIA. DELLA SOCIETÀ. PREFAZIONE. ALLA RICERCA. FAVOLA DI ARGUELLO. LETTERA AD UN BAMBINO HANDICAPPATO. BIANCO A. GIORDANO BIANCA. DESIDERIO NEL CUORE. INTERVISTA A MAURO CAMERONI. F aSocietà San Paolo EM - Piazza San Paolo, 14 - 12051 ALBA (CN) (non commercial uses only) ® Copyright 2017 aRICERCA SCOLASTICA. PROBLEMA DEL DOLORE. HANDICAPPATI, EMARGINATI DELLA STORIA. DELLA SOCIETÀ. PREFAZIONE. ALLA RICERCA. FAVOLA DI ARGUELLO. LETTERA AD UN BAMBINO HANDICAPPATO. BIANCO A. GIORDANO BIANCA. DESIDERIO NEL CUORE. INTERVISTA A MAURO CAMERONI. F aALBA E CIRCONDARIO